Statistics for Bible Characters

Click here to take the quiz!

General Stats

  • This quiz has been taken 1,079 times
    (1,064 since last reset)
  • The average score is 28 of 37

Answer Stats

HintAnswer% Correct
The First Woman Who Has Ever LivedEve
99%
The Creator Of MankindGod
99%
Killed his brotherCain
98%
Got Murdered by his brotherAbel
97%
Built an ArkNoah
97%
The First Man Who Has Ever LivedAdam
95%
Defeated GoliathDavid
95%
Betrayed JesusJudas
95%
Mother of JesusMary
95%
Delivered Israelites out of EgyptMoses
94%
Father Of IsaacAbraham
93%
Eaten by a fishJonah
92%
Preached on the Mount of OlivesJesus
91%
Who was thrown into the lions pittDaniel
89%
Was betrayed by DelilahSamson
87%
Israels original nameJacob
85%
Evil Angel and Leader of the DemonsSatan
85%
Known for his wisdomSolomon
85%
Rainbow colour coatJoseph
83%
Sent Jesus to deathPontius Pilate
82%
Mother of IsaacSarah
81%
First King Appointed by SamuelSaul
80%
Son of AdamSeth
80%
Conquered JerichoJoshua
79%
Travelled with NaomiRuth
77%
Arrested in RomePaul
72%
Brother of Shem and JaphethHam
70%
Brother of IsaacIshmael
65%
Prostitute forgiven of her sins by JesusMary Magdalene
62%
Son of HannahSamuel
60%
Shadrach, Abednego andMeshach
57%
Fell out of her window and was eaten by dogsJezebel
46%
Followed PaulTimothy
42%
Stick grew flowersAaron
39%
His Donkey SpokeBalaam
37%
A known fat king of MoabKing Eglon
14%
Under estimated the power of IsraelGog
1%

Score Distribution

Percentile by Number Answered

Percent of People with Each Score

Your Score History

You have not taken this quiz since the last reset